| 000 | 00808nam a2200241 a 4500 | ||
|---|---|---|---|
| 001 | 33421 | ||
| 003 | BD-RjUL | ||
| 005 | 20211209052014.0 | ||
| 008 | 161212r19661964u 001 0 eng | ||
| 035 | _a(BD-RjUL)33512 | ||
| 035 | _a(OCoLC)3643563 | ||
| 040 |
_aDLC _cIDowG _dDLC _dBD-RjUL _beng |
||
| 041 | _aeng | ||
| 082 |
_a300 _bDUI 1967 _223 |
||
| 100 |
_aDuverger, Maurice _95985 |
||
| 245 | 0 | 0 |
_aIntroduction to social science : _bWith special reference to their methods / _cMaurice Duverger, |
| 260 |
_aLondon : _bGeorge Allien and unwin ltd., _c1964 [impression 1967] |
||
| 300 |
_a342 p. ; _c23 cm. |
||
| 504 | _aIncludes bibliographical footnotes and index. | ||
| 650 | 0 |
_aSocial sciences. _9101447 |
|
| 710 | 2 |
_aMichigan State University. _bDepartment of Social Science. _9101448 |
|
| 942 |
_2ddc _cBK |
||
| 999 |
_c33421 _d33421 |
||